[Event "DVM U14w 2010"]
[Site "Templin OT Groß Dölln GER"]
[Date "2010.12.29"]
[Round "6"]
[White "Glöckner, Helene"]
[Black "Krißmer, Maria"]
[Result "0-1"]
[Termination "normal"]
[Board "7.3"]
[WhiteElo "1106"]
[BlackElo "800"]
[WhiteTeam "SV Schott Jena"]
[BlackTeam "SK Freiburg-Zähringen 1887 e.V."]
[PlyCount "102"]
[EventCountry "GER"]
[EventRounds "7"]
[EventType "team-swiss"]
[EventDate "2010.12.26"]

1. d4 d5 2. Bf4 Bf5 3. Nf3 Nc6 4. e3 Nf6 5. Nbd2 e6 6. c4 dxc4 7. Bxc4 Be7 8.
O-O O-O 9. Re1 Bb4 10. a3 Bxd2 11. Qxd2 Re8 12. Bg5 Ne4 13. Bxd8 Nxd2 14. Nxd2
Raxd8 15. Rac1 a6 16. Nb3 b5 {=} 17. Bf1 Ne7 18. Rxc7 Rc8 19. Rec1 Rb8 20. Nc5
Rb6 21. Nd7 Rd6 22. Nc5 Nd5 23. Ra7 Rc8 24. f3 Bg6 25. e4 Nf4 26. g3 Nh5 27.
Rc3 h6 28. Rxa6 Rxd4 29. Bxb5 Rd1+ 30. Bf1 Rcd8 31. Kf2 R8d2+ 32. Be2 Rxb2 33.
a4 Rdd2 34. Re3 f5 35. Rxe6 f4 36. gxf4 Nxf4 37. Kg3 Nxe2+ 38. Rxe2 Rxe2 39.
Rxg6 Rg2+ 40. Kf4 Rxg6 41. a5 Ra2 42. a6 Rf6+ 43. Ke5 Ra5 44. Kd4 Rxf3 45. e5
Rf4+ 46. Kd5 Kf7 47. Kd6 Rd4+ 48. Kc6 Rc4 49. e6+ Ke7 50. Kb7 Raxc5 51. a7 Rb5+
0-1

[Event "DVM U14w 2010"]
[Site "Templin OT Groß Dölln GER"]
[Date "2010.12.29"]
[Round "6"]
[White "Atabay, Hatun"]
[Black "Dietzel, Maren"]
[Result "1-0"]
[Termination "normal"]
[Board "7.4"]
[WhiteElo "800"]
[BlackElo "893"]
[WhiteTeam "SK Freiburg-Zähringen 1887 e.V."]
[BlackTeam "SV Schott Jena"]
[PlyCount "55"]
[WhiteFideId "12929603"]
[EventCountry "GER"]
[EventRounds "7"]
[EventType "team-swiss"]
[EventDate "2010.12.26"]

1. e4 {[%emt 0:00:00]} g6 2. d4 Bg7 3. Nf3 c5 4. c3 d6 5. dxc5 dxc5 6. Qxd8+
Kxd8 7. Bc4 e6 8. O-O Nf6 9. Bg5 Kc7 10. Nbd2 b6 11. e5 Nfd7 12. Bf4 Nc6 13.
Rae1 Bb7 14. a3 Rad8 15. Ng5 Rdf8 16. Bxe6 Nd8 17. Bxf7 h6 18. e6+ Kc8 19.
exd7+ Kxd7 20. Be6+ Nxe6 21. Nxe6 Rxf4 22. Nxf4 Ba6 23. c4 Bxb2 24. Nxg6 Rg8
25. Re7+ Kd8 26. Rxa7 Bc8 27. Ne7 Re8 28. Nc6# 1-0

[Event "DVM U14w 2010"]
[Site "Templin OT Groß Dölln GER"]
[Date "2010.12.29"]
[Round "6"]
[White "Müller, Sophie"]
[Black "Cozma, Diana"]
[Result "1/2-1/2"]
[Termination "normal"]
[Board "8.1"]
[WhiteElo "1283"]
[BlackElo "1258"]
[WhiteTeam "SV 1932 Homburg-Erbach"]
[BlackTeam "SV Muldental Wilkau-Haßlau"]
[PlyCount "31"]
[WhiteFideId "12926698"]
[BlackFideId "12929387"]
[EventCountry "GER"]
[EventRounds "7"]
[EventType "team-swiss"]
[EventDate "2010.12.26"]

1. d4 Nf6 2. Bf4 d5 3. e3 c6 4. Nf3 Bf5 5. Bd3 Bg6 6. O-O Nbd7 7. c4 e6 8. Nc3
Be7 9. Ne5 O-O 10. Bxg6 fxg6 11. Qb3 Qc8 12. Rac1 Nb6 13. cxd5 exd5 14. Rfe1
Kh8 15. Re2 Nh5 16. Bg3 1/2-1/2

[Event "DVM U14w 2010"]
[Site "Templin OT Groß Dölln GER"]
[Date "2010.12.29"]
[Round "6"]
[White "Simon, Tessa"]
[Black "Boussonville, Anna"]
[Result "1-0"]
[Termination "normal"]
[Board "8.2"]
[WhiteElo "1241"]
[BlackElo "1023"]
[WhiteTeam "SV Muldental Wilkau-Haßlau"]
[BlackTeam "SV 1932 Homburg-Erbach"]
[PlyCount "59"]
[WhiteFideId "12929395"]
[BlackFideId "12929689"]
[EventCountry "GER"]
[EventRounds "7"]
[EventType "team-swiss"]
[EventDate "2010.12.26"]

1. e4 e5 2. Nf3 Nc6 3. Bc4 Bc5 4. c3 Nf6 5. d4 exd4 6. cxd4 Bb4+ 7. Nc3 h6 8.
Bd2 O-O 9. e5 Ne8 10. O-O d6 11. exd6 Nxd6 12. Bb3 Bg4 13. Be3 Re8 14. h3 Bh5
15. Nd5 Ne4 16. Nf4 Bxf3 17. Qxf3 Nxd4 18. Bxd4 Qxd4 19. Nh5 Rf8 20. Rad1 Qe5
21. Rd5 Qe7 22. Qg4 Ng5 23. h4 Ne6 24. Re5 Kh8 25. Rxe6 fxe6 26. Bxe6 Rae8 27.
Bf5 Bd6 28. Qg6 Kg8 29. Qh7+ Kf7 30. Qxg7# 1-0

[Event "DVM U14w 2010"]
[Site "Templin OT Groß Dölln GER"]
[Date "2010.12.29"]
[Round "6"]
[White "Friedel, Laura"]
[Black "Fromm, Katja"]
[Result "0-1"]
[Termination "normal"]
[Board "8.3"]
[WhiteElo "747"]
[BlackElo "1251"]
[WhiteTeam "SV 1932 Homburg-Erbach"]
[BlackTeam "SV Muldental Wilkau-Haßlau"]
[PlyCount "58"]
[BlackFideId "12929409"]
[EventCountry "GER"]
[EventRounds "7"]
[EventType "team-swiss"]
[EventDate "2010.12.26"]

1. e4 c6 2. Nf3 d5 3. Nc3 dxe4 4. Nxe4 Bf5 5. Bc4 Bxe4 6. O-O Nf6 7. Ng5 e6 8.
d3 Bd5 9. Bb3 h6 10. Nh3 Bxb3 11. axb3 Bd6 12. Bd2 O-O 13. Qf3 Bc7 14. Rfe1 Qd6
15. Ra4 Qxh2+ 16. Kf1 Re8 17. g3 Qxh3+ 18. Kg1 e5 19. Bc3 b5 20. Rb4 Re7 21.
Re3 Bb6 22. Re1 e4 23. Qf4 Nd5 24. Qd6 Rd7 25. Qe5 f6 26. Qe8+ Kh7 27. Qxe4+ g6
28. Bd2 Qxg3+ 29. Kf1 Qxf2# 0-1

[Event "DVM U14w 2010"]
[Site "Templin OT Groß Dölln GER"]
[Date "2010.12.29"]
[Round "6"]
[White "Schlemmer, Elisabeth"]
[Black "Haas, Vanessa"]
[Result "1-0"]
[Termination "normal"]
[Board "8.4"]
[WhiteElo "999"]
[BlackElo "812"]
[WhiteTeam "SV Muldental Wilkau-Haßlau"]
[BlackTeam "SV 1932 Homburg-Erbach"]
[PlyCount "45"]
[BlackFideId "12929700"]
[EventCountry "GER"]
[EventRounds "7"]
[EventType "team-swiss"]
[EventDate "2010.12.26"]

1. e4 e5 2. Nf3 Nc6 3. d4 exd4 4. Bc4 Nf6 5. e5 Ne4 6. O-O Bc5 7. Re1 d5 8.
exd6 Bf5 9. Ng5 Qf6 10. Nxe4 Qg6 11. Nxc5+ Be6 12. Nxe6 Kd7 13. Nxc7 Rac8 14.
Nb5 Rce8 15. Be2 Nb4 16. Nxd4 Re5 17. Bg4+ Kxd6 18. Bf4 Rhe8 19. Nf3+ Kc6 20.
Nxe5+ Rxe5 21. Rxe5 Kb6 22. Be3+ Kc6 23. Qd7# 1-0

[Event "DVM U14w 2010"]
[Site "Templin OT Groß Dölln GER"]
[Date "2010.12.29"]
[Round "6"]
[White "Höschen, Franziska"]
[Black "Berkes, Katharina"]
[Result "1-0"]
[Termination "normal"]
[Board "9.1"]
[WhiteElo "1306"]
[BlackElo "862"]
[WhiteTeam "SF Paderborn 2000"]
[BlackTeam "SK Langen"]
[PlyCount "55"]
[BlackFideId "12929719"]
[EventCountry "GER"]
[EventRounds "7"]
[EventType "team-swiss"]
[EventDate "2010.12.26"]

1. e4 {[%emt 0:00:00]} e5 2. Nf3 Nc6 3. Bb5 Nf6 4. O-O Bc5 5. Re1 d6 6. h3 Bd7
7. c3 O-O 8. d4 exd4 9. cxd4 Bb4 10. Bd2 Bxd2 11. Nbxd2 d5 12. e5 Nh5 13. Nb3
a6 14. Bxc6 bxc6 15. Rc1 Rb8 16. Qd2 h6 17. g4 Qc8 18. gxh5 Bxh3 19. Qf4 g5 20.
Qg3 Qd7 21. Rc3 Rfe8 22. Nxg5 hxg5 23. Qxh3 g4 24. Qg3 Re6 25. f3 f5 26. exf6
Rxe1+ 27. Qxe1 gxf3 28. Rxf3 1-0

[Event "DVM U14w 2010"]
[Site "Templin OT Groß Dölln GER"]
[Date "2010.12.29"]
[Round "6"]
[White "Reinecke, Katharina"]
[Black "Bürger, Jessica"]
[Result "0-1"]
[Termination "normal"]
[Board "9.2"]
[WhiteElo "860"]
[BlackElo "1318"]
[WhiteTeam "SK Langen"]
[BlackTeam "SF Paderborn 2000"]
[PlyCount "42"]
[WhiteFideId "12929727"]
[BlackFideId "12917974"]
[EventCountry "GER"]
[EventRounds "7"]
[EventType "team-swiss"]
[EventDate "2010.12.26"]

1. e4 e5 2. Nf3 Nc6 3. Bc4 Nf6 4. Nc3 Bc5 5. d3 h6 6. Nd5 d6 7. h3 O-O 8. Qe2
Bd7 9. Be3 Bb6 10. O-O Ne7 11. Nxf6+ gxf6 12. Bxb6 axb6 13. Qe3 Kh7 14. d4 Ng6
15. dxe5 dxe5 16. Rfd1 Qe7 17. Rd3 Nf4 18. Rd2 Rg8 19. Kf1 Nxg2 20. Qd3 Bxh3
21. Ke2 Nf4+ 0-1

[Event "DVM U14w 2010"]
[Site "Templin OT Groß Dölln GER"]
[Date "2010.12.29"]
[Round "6"]
[White "Schrödter, Lisa"]
[Black "Flach, Helene"]
[Result "1-0"]
[Termination "normal"]
[Board "9.3"]
[WhiteElo "1132"]
[BlackElo "760"]
[WhiteTeam "SF Paderborn 2000"]
[BlackTeam "SK Langen"]
[PlyCount "81"]
[BlackFideId "12929735"]
[EventCountry "GER"]
[EventRounds "7"]
[EventType "team-swiss"]
[EventDate "2010.12.26"]

1. e4 {[%emt 0:00:00]} e5 2. Nf3 Nc6 3. Bc4 Bc5 4. Nc3 Nf6 5. d3 h6 6. O-O O-O
7. Qe2 d6 8. h3 Be6 9. Nd5 Nd4 10. Nxd4 Bxd4 11. c3 Bb6 12. Nxb6 axb6 13. Bxe6
fxe6 14. Qf3 Qd7 15. Qg3 Kf7 16. Qf3 Ke7 17. d4 exd4 18. cxd4 Ra4 19. Be3 Rb4
20. b3 Qc6 21. Rac1 Nxe4 22. Rxc6 Rxf3 23. Rxc7+ Kd8 24. gxf3 Kxc7 25. fxe4 Rb5
26. f4 Rh5 27. Kh2 b5 28. e5 d5 29. Rg1 b4 30. Rxg7+ Kd8 31. Rxb7 Rf5 32. Rxb4
Rf7 33. h4 Ra7 34. f5 exf5 35. Rb5 Ke7 36. Rxd5 Ke6 37. Rd6+ Kf7 38. e6+ Ke7
39. d5 Kxd6 40. Bxh6 f4 41. b4 1-0

[Event "DVM U14w 2010"]
[Site "Templin OT Groß Dölln GER"]
[Date "2010.12.29"]
[Round "6"]
[White "Rupp, Nicole"]
[Black "Thölke, Nina"]
[Result "1-0"]
[Termination "normal"]
[Board "9.4"]
[WhiteElo "790"]
[BlackElo "1054"]
[WhiteTeam "SK Langen"]
[BlackTeam "SF Paderborn 2000"]
[PlyCount "65"]
[WhiteFideId "12929670"]
[EventCountry "GER"]
[EventRounds "7"]
[EventType "team-swiss"]
[EventDate "2010.12.26"]

1. e4 {[%emt 0:00:00]} e5 2. Nf3 Nc6 3. Bc4 Nf6 4. Nc3 Bc5 5. d3 d6 6. h3 O-O
7. Bg5 h6 8. Bh4 Re8 9. Nd5 Nd7 10. Bxd8 Rxd8 11. Qd2 Nf6 12. Nxc7 Bb4 13. c3
Ba5 14. Nxa8 Nb4 15. O-O Nc6 16. b4 Bb6 17. Nxb6 axb6 18. Qe3 Re8 19. Qxb6 Nd7
20. Qb5 Na7 21. Qa4 Nb6 22. Qxa7 Nxc4 23. dxc4 Re7 24. Qb8 Rc7 25. Qxc7 Be6 26.
g4 b6 27. g5 Bxh3 28. Rfd1 Bg4 29. g6 fxg6 30. Kg2 h5 31. Rxd6 Kh8 32. Rxg6 Kh7
33. Qxg7# 1-0